| 000 | 01586nam a2200409Ia 4500 | ||
|---|---|---|---|
| 001 | ebr10581463 | ||
| 003 | CaPaEBR | ||
| 006 | m u | ||
| 007 | cr cn||||||||| | ||
| 008 | 050527s2006 enka sbf 001 0 eng d | ||
| 010 | _z 2005015598 | ||
| 020 | _z0198530951 (flexicover : alk. paper) | ||
| 020 | _z9780191566950 (ebook) | ||
| 020 | _z9780198530954 (flexicover : alk. paper) | ||
| 040 |
_aCaPaEBR _cCaPaEBR |
||
| 035 | _a(OCoLC)801405543 | ||
| 050 | 1 | 4 |
_aRC872.9 _b.R49 2006eb |
| 082 | 0 | 4 |
_a616.6 _222 |
| 100 | 1 | _aReynard, John. | |
| 245 | 1 | 0 |
_aOxford handbook of urology _h[electronic resource] / _cJohn Reynard, Simon Brewster, Suzanne Biers. |
| 246 | 3 | _aHandbook of urology | |
| 260 |
_aOxford ; _aNew York : _bOxford University Press, _c2006. |
||
| 300 |
_axx, 678 p. : _bill. |
||
| 490 | 1 | _aOxford medical publications | |
| 490 | 1 | _aOxford handbooks series | |
| 504 | _aIncludes bibliographical references and index. | ||
| 533 |
_aElectronic reproduction. _bPalo Alto, Calif. : _cebrary, _d2013. _nAvailable via World Wide Web. _nAccess may be limited to ebrary affiliated libraries. |
||
| 650 | 0 |
_aUrinary organs _xDiseases _vHandbooks, manuals, etc. |
|
| 650 | 0 |
_aUrology _vHandbooks, manuals, etc. |
|
| 655 | 7 |
_aElectronic books. _2local |
|
| 700 | 1 | _aBiers, Suzanne. | |
| 700 | 1 |
_aBrewster, S. _q(Simon) |
|
| 710 | 2 | _aebrary, Inc. | |
| 830 | 0 | _aOxford handbooks. | |
| 830 | 0 | _aOxford medical publications. | |
| 856 | 4 | 0 |
_uhttp://site.ebrary.com/lib/rucke/Doc?id=10581463 _zAn electronic book accessible through the World Wide Web; click to view |
| 999 |
_c84360 _d84360 |
||